000 01138nam0a22002771 4500
001 rc\1158609
005 20260406192723.0
035 _a(NLR Aleph) 006403284
090 _a5268725
_c5268725
100 _a20041129d1980 |||y0rusy50 ca
101 0 _arus
102 _aRU
105 _ay |||||||||
200 1 _aПравовые вопросы охраны природы в Узбекской ССР
_f[Н. Рахимов, Р. Хайитов, Ф. Тюльпанов и др.
_gОтв. ред. И. Дж. Джалилов]
210 _aТашкент
_cФан
_d1980
215 _a119 с.
_d20
300 _aАвт. указаны на 4-й с.
300 _aВ надзаг.: АН УзССР, Ин-т философии и права им. И.М. Муминова
701 1 _aРахимов
_bН.
702 1 _aДжалилов
_bИ.Д.
_gИкрам Джалилович
_4340
712 0 2 _aИнститут философии и права им. И.М.Муминова
_cТашкент
_3RU\NLR\AUTH\889955296
_9406664
801 0 _aRU
_bNLR
_gpsbo
801 1 _aRU
_bELAR
_2rusmarc
852 _aNLR
_j81-3/8485
942 _cBOOK
980 _aNB